[Event "XVIe Open International d'été de Nice"]
[Site "Nice - Hotel Aston"]
[Date "????.??.??"]
[Round "3.17"]
[White "Lazarev, Vladimir"]
[Black "Perrois, Magali"]
[Result "1-0"]
[WhiteElo "2462"]
[BlackElo "1460"]
[PlyCount "43"]

1. d4 Nf6 2. c4 g6 3. Nc3 Bg7 4. e4 d6 5. f4 e6 6. Nf3 O-O 7. Be2 Nc6 8. e5 Nd7
9. O-O dxe5 10. fxe5 f6 11. exf6 Nxf6 12. Kh1 Re8 13. Bg5 Qd6 14. c5 Qd8 15.
Bc4 Qd7 16. Bb5 Rf8 17. Qd2 a6 18. Ba4 Kh8 19. Rad1 Re8 20. Ne5 Qd8 21. Nf7+
Kg8 22. Nxd8 1-0

[Event "XVIe Open International d'été de Nice"]
[Site "Nice - Hotel Aston"]
[Date "????.??.??"]
[Round "3.18"]
[White "Dayan, Benjamin"]
[Black "Safranska, Anda"]
[Result "0-1"]
[WhiteElo "1934"]
[BlackElo "2310"]
[PlyCount "54"]

1. d4 d6 2. c4 e5 3. d5 a5 4. Nc3 f5 5. e4 Nf6 6. exf5 Bxf5 7. Bd3 Bg4 8. f3
Bd7 9. Nge2 Be7 10. Be3 O-O 11. O-O Na6 12. Rc1 Kh8 13. Ng3 Ng8 14. Nce4 b6 15.
Bb1 Nc5 16. Nxc5 bxc5 17. Qc2 g6 18. Qc3 Bf6 19. Ne4 Bg7 20. Qd2 Nf6 21. Bg5
Qe8 22. Ng3 Rf7 23. Rce1 Qb8 24. Bh6 Qb4 25. Bxg7+ Kxg7 26. Qc2 Rb8 27. Rf2
Qxe1+ 0-1

[Event "XVIe Open International d'été de Nice"]
[Site "Nice - Hotel Aston"]
[Date "????.??.??"]
[Round "3.27"]
[White "Copin, Oceane"]
[Black "Tasic, Branislav"]
[Result "1/2-1/2"]
[WhiteElo "1764"]
[BlackElo "2087"]
[PlyCount "33"]

1. e4 c5 2. c3 e6 3. d4 d5 4. exd5 exd5 5. Nf3 Bd6 6. Be2 Ne7 7. O-O O-O 8.
dxc5 Bxc5 9. Bg5 f6 10. Bf4 Nbc6 11. Nbd2 Be6 12. Nb3 Bd6 13. Bxd6 Qxd6 14.
Nfd4 Bf7 15. Bf3 Ne5 16. Re1 Rad8 17. Qe2 1/2-1/2

[Event "XVIe Open International d'été de Nice"]
[Site "Nice - Hotel Aston"]
[Date "????.??.??"]
[Round "3.36"]
[White "Franceschini, Francois-Marie"]
[Black "Lefevre, Margaux"]
[Result "1-0"]
[WhiteElo "1610"]
[BlackElo "2003"]
[PlyCount "53"]

1. e4 c5 2. Nf3 Nc6 3. Bb5 Qb6 4. Bxc6 Qxc6 5. Nc3 e6 6. O-O a6 7. a4 b6 8. d4
cxd4 9. Qxd4 f6 10. e5 Bb7 11. Re1 fxe5 12. Qxe5 Nf6 13. Bf4 Rc8 14. Rad1 Be7
15. Bg5 O-O 16. Bxf6 Bxf6 17. Qe4 Bxc3 18. Qxc6 Bxc6 19. bxc3 Bxa4 20. Rd4 Bxc2
21. Rxd7 Rxc3 22. Rd6 Rb8 23. Rdxe6 Bf5 24. Re7 b5 25. Ng5 h6 26. Re8+ Rxe8 27.
Rxe8# 1-0

[Event "XVIe Open International d'été de Nice"]
[Site "Nice - Hotel Aston"]
[Date "????.??.??"]
[Round "4.1"]
[White "Salvador, Roland"]
[Black "Sumets, Andrey"]
[Result "1/2-1/2"]
[WhiteElo "2447"]
[BlackElo "2595"]
[PlyCount "22"]

1. d4 Nf6 2. Nf3 d5 3. c4 e6 4. g3 dxc4 5. Bg2 c5 6. O-O Nc6 7. dxc5 Qxd1 8.
Rxd1 Bxc5 9. Nbd2 c3 10. bxc3 O-O 11. Nb3 Be7 1/2-1/2

[Event "XVIe Open International d'été de Nice"]
[Site "Nice - Hotel Aston"]
[Date "????.??.??"]
[Round "4.3"]
[White "Mrdja, Milan"]
[Black "Franco Alonso, Alejandro"]
[Result "1/2-1/2"]
[WhiteElo "2418"]
[BlackElo "2480"]
[PlyCount "52"]

1. e4 c5 2. Nf3 e6 3. d4 cxd4 4. Nxd4 Nc6 5. Nc3 Qc7 6. f4 a6 7. Nxc6 Qxc6 8.
Bd3 b5 9. Qe2 Bb7 10. Bd2 Be7 11. O-O b4 12. Nd1 Nf6 13. Nf2 d5 14. e5 Ne4 15.
Be3 O-O 16. Rac1 Rac8 17. Bd4 Bc5 18. Qe3 Bxd4 19. Qxd4 Qc5 20. Qxc5 Nxc5 21.
Rfe1 a5 22. Bf1 Na4 23. b3 Nc3 24. Ra1 Ne4 25. Bd3 Nc5 26. Bf1 Ne4 1/2-1/2

[Event "XVIe Open International d'été de Nice"]
[Site "Nice - Hotel Aston"]
[Date "????.??.??"]
[Round "4.5"]
[White "Shoker, Samy"]
[Black "Bailet, Pierre"]
[Result "1-0"]
[WhiteElo "2448"]
[BlackElo "2352"]
[PlyCount "43"]

1. g3 Nf6 2. Bg2 e5 3. d3 g6 4. Nf3 d6 5. c4 Bg7 6. c5 O-O 7. O-O e4 8. dxe4
Nxe4 9. cxd6 Qxd6 10. Qa4 Qc6 11. Qa3 Qb6 12. Nbd2 Nd6 13. Nb3 Nc4 14. Qe7 Nxb2
15. Qh4 Qf6 16. Bg5 Qe6 17. Rab1 Qg4 18. Qxg4 Bxg4 19. Nfd4 Nc6 20. e3 Nxd4 21.
Nxd4 Nc4 22. Rb5 1-0

[Event "XVIe Open International d'été de Nice"]
[Site "Nice - Hotel Aston"]
[Date "????.??.??"]
[Round "4.6"]
[White "Karpatchev, Aleksandr"]
[Black "Vatter, Hans-Joachim"]
[Result "1-0"]
[WhiteElo "2491"]
[BlackElo "2302"]
[PlyCount "51"]

1. e4 c5 2. c3 e6 3. d4 d5 4. exd5 Qxd5 5. Nf3 Nf6 6. Na3 Nc6 7. Be3 cxd4 8.
Nb5 Qd8 9. Nbxd4 Bd7 10. Nxc6 Bxc6 11. Qxd8+ Kxd8 12. Ne5 Be8 13. O-O-O+ Kc8
14. Bc4 Be7 15. Bb3 Nd7 16. Nc4 Bc5 17. Nd6+ Bxd6 18. Rxd6 Nf6 19. Rhd1 Bc6 20.
f3 Bd5 21. c4 Ne8 22. cxd5 Nxd6 23. dxe6 Kc7 24. Bf4 Rad8 25. e7 Rd7 26. Bxf7
1-0

[Event "XVIe Open International d'été de Nice"]
[Site "Nice - Hotel Aston"]
[Date "????.??.??"]
[Round "4.7"]
[White "Brih, Said"]
[Black "Colin, Vincent"]
[Result "1/2-1/2"]
[WhiteElo "2318"]
[BlackElo "2425"]
[PlyCount "24"]

1. Nf3 d5 2. g3 c6 3. Bg2 Bg4 4. c4 e6 5. cxd5 exd5 6. d4 Nd7 7. Nc3 Ngf6 8.
O-O Bd6 9. Qd3 O-O 10. Bf4 Qb8 11. e3 a5 12. Rac1 Re8 1/2-1/2

[Event "XVIe Open International d'été de Nice"]
[Site "Nice - Hotel Aston"]
[Date "????.??.??"]
[Round "4.9"]
[White "Sulava, Nenad"]
[Black "Basaric, Srdjan"]
[Result "1-0"]
[WhiteElo "2549"]
[BlackElo "2112"]
[PlyCount "45"]

1. Nf3 Nf6 2. c4 c6 3. Nc3 d6 4. d4 Nbd7 5. Bg5 e5 6. e3 Be7 7. Qc2 Qc7 8. Bd3
a6 9. O-O b5 10. a3 Qb8 11. dxe5 dxe5 12. b4 Nf8 13. Ne4 Ne6 14. cxb5 cxb5 15.
Nxe5 Bb7 16. Bxf6 gxf6 17. Ng4 h5 18. Ngxf6+ Bxf6 19. Nxf6+ Ke7 20. Ne4 h4 21.
f4 Qa7 22. Nc5 Rac8 23. Rac1 1-0

[Event "XVIe Open International d'été de Nice"]
[Site "Nice - Hotel Aston"]
[Date "????.??.??"]
[Round "4.10"]
[White "Gertosio, Franck"]
[Black "Lazarev, Vladimir"]
[Result "0-1"]
[WhiteElo "2038"]
[BlackElo "2462"]
[PlyCount "58"]

1. e4 c5 2. Nf3 Nc6 3. d4 cxd4 4. Nxd4 Qc7 5. Nc3 e6 6. Be3 a6 7. g3 Nf6 8. Bg2
d6 9. h3 Be7 10. Nde2 b5 11. g4 h6 12. f4 Bb7 13. O-O Na5 14. b3 Rc8 15. Qe1
Nd7 16. Qf2 Nc6 17. h4 Nf6 18. Bf3 h5 19. g5 Ng4 20. Bxg4 hxg4 21. Qg3 b4 22.
Na4 Nb8 23. g6 Bxh4 24. gxf7+ Qxf7 25. Qxg4 Bxe4 26. Nd4 Bf6 27. f5 Rh4 28. Qg3
Qh5 29. fxe6 Rg4 0-1

[Event "XVIe Open International d'été de Nice"]
[Site "Nice - Hotel Aston"]
[Date "????.??.??"]
[Round "4.14"]
[White "Nippgen, Georg"]
[Black "Van Veenendaal, Elmer"]
[Result "1-0"]
[WhiteElo "2272"]
[BlackElo "1981"]
[PlyCount "59"]

1. Nf3 d5 2. b3 Nf6 3. Bb2 Bf5 4. g3 e6 5. Bg2 Nbd7 6. d3 h6 7. Nbd2 Bc5 8. a3
a5 9. O-O O-O 10. c4 c6 11. Qc2 Qb6 12. Rac1 Ng4 13. Qc3 Bxf2+ 14. Kh1 e5 15.
cxd5 Be3 16. h3 Nf2+ 17. Kh2 cxd5 18. d4 exd4 19. Nxd4 Bxd4 20. Qxd4 Qxd4 21.
Bxd4 Ne4 22. Rxf5 Nxd2 23. Bxd5 a4 24. Rc7 Nb8 25. Rfxf7 Rxf7 26. Rxf7 Nc6 27.
Rxb7+ Kf8 28. Bxg7+ Ke8 29. Bxc6+ Kd8 30. Rd7+ 1-0

[Event "XVIe Open International d'été de Nice"]
[Site "Nice - Hotel Aston"]
[Date "????.??.??"]
[Round "4.18"]
[White "Bressac, Stephane"]
[Black "Samuel, Christian"]
[Result "1-0"]
[WhiteElo "2184"]
[BlackElo "1954"]
[PlyCount "73"]

1. e4 c5 2. Nf3 Nc6 3. d4 cxd4 4. Nxd4 Nf6 5. Nc3 d6 6. g3 g6 7. Bg2 Bg7 8.
Nxc6 Qb6 9. Nd4 Nxe4 10. Nxe4 Bxd4 11. O-O d5 12. Nc3 e6 13. Qe2 O-O 14. Bd2
Bd7 15. Rfe1 Bg7 16. Rab1 Rac8 17. Qd3 d4 18. Ne4 Bb5 19. Qb3 Qa6 20. Bb4 Bc4
21. Qa3 Rfd8 22. Be7 Qxa3 23. bxa3 Rd7 24. Nf6+ Bxf6 25. Bxf6 b6 26. h4 h5 27.
Red1 Ba6 28. Be4 Bb7 29. Bxb7 Rxb7 30. Rxd4 Kh7 31. Rbd1 Rxc2 32. Rd8 g5 33.
hxg5 Rxa2 34. Re1 Rxa3 35. Re5 Ra5 36. Rh8+ Kg6 37. Rh6# 1-0

[Event "XVIe Open International d'été de Nice"]
[Site "Nice - Hotel Aston"]
[Date "????.??.??"]
[Round "4.28"]
[White "Tasic, Branislav"]
[Black "Huin, Eric"]
[Result "0-1"]
[WhiteElo "2087"]
[BlackElo "1909"]
[PlyCount "54"]

1. d4 Nf6 2. Nf3 d6 3. c4 g6 4. Nc3 Bg7 5. e4 O-O 6. Be2 e5 7. O-O Nc6 8. d5
Ne7 9. Ne1 Nd7 10. Be3 f5 11. f3 f4 12. Bf2 g5 13. a4 h5 14. a5 Ng6 15. b4 Nf6
16. c5 g4 17. cxd6 cxd6 18. Nb5 gxf3 19. gxf3 Bh3 20. Ng2 Nxe4 21. fxe4 Qg5 22.
Bf3 Bxg2 23. Bxg2 f3 24. Bg3 fxg2 25. Rf5 Qe3+ 26. Bf2 Qxe4 27. Nxd6 Qxb4 0-1

[Event "XVIe Open International d'été de Nice"]
[Site "Nice - Hotel Aston"]
[Date "????.??.??"]
[Round "4.34"]
[White "Lissine, Vladimir"]
[Black "Roussiere, Christophe"]
[Result "1-0"]
[WhiteElo "1794"]
[BlackElo "2077"]
[PlyCount "87"]

1. d4 Nf6 2. Nf3 e6 3. e3 b6 4. Be2 Bb7 5. O-O Be7 6. c4 O-O 7. a3 d6 8. b4
Nbd7 9. Nbd2 c5 10. Bb2 cxb4 11. axb4 d5 12. c5 bxc5 13. bxc5 Qc7 14. Bc3 e5
15. dxe5 Ne4 16. Bd4 Ndxc5 17. Nxe4 dxe4 18. Nd2 Nd3 19. Rxa7 Rxa7 20. Bxa7
Qxe5 21. Bd4 Qg5 22. f4 Qd5 23. Qb3 Qxb3 24. Nxb3 Rc8 25. Bg4 Rc2 26. Ra1 Bd5
27. Na5 Bb4 28. Bd1 Rd2 29. Bb3 Bxb3 30. Nxb3 Rc2 31. Ra8+ Bf8 32. h3 f5 33. g4
fxg4 34. hxg4 Kf7 35. Ra7+ Ke6 36. Bxg7 Bxg7 37. Rxg7 Rb2 38. Nd4+ Kd5 39. Rxh7
Ne1 40. g5 Nf3+ 41. Nxf3 exf3 42. Re7 Rg2+ 43. Kf1 Kc4 44. Rd7 1-0

[Event "XVIe Open International d'été de Nice"]
[Site "Nice - Hotel Aston"]
[Date "????.??.??"]
[Round "4.56"]
[White "Luciani, Thibault"]
[Black "Daguzon, Jack"]
[Result "1-0"]
[WhiteElo "1775"]
[BlackElo "1280"]
[PlyCount "63"]

1. e4 g6 2. d4 Bg7 3. Nc3 e6 4. Nf3 Ne7 5. Be3 a6 6. Qd2 O-O 7. Bh6 Nbc6 8. h4
Nb4 9. O-O-O d6 10. h5 g5 11. Qxg5 Ng6 12. hxg6 Qxg5+ 13. Bxg5 fxg6 14. d5 a5
15. a3 Na6 16. Bxa6 Rxa6 17. Bh6 Rf7 18. Bxg7 Rxg7 19. Rh6 e5 20. Rdh1 Bg4 21.
Ng5 Ra8 22. f3 Bd7 23. Rxh7 Rxh7 24. Rxh7 Be8 25. Rxc7 b5 26. Rb7 b4 27. axb4
axb4 28. Rxb4 Ra1+ 29. Nb1 Ra8 30. Ne6 Rc8 31. Rb6 Bd7 32. Rxd6 1-0

[Event "XVIe Open International d'été de Nice"]
[Site "Nice - Hotel Aston"]
[Date "????.??.??"]
[Round "4.11"]
[White "Gachet, Sebastien"]
[Black "Birens, Eric-Andre"]
[Result "0-1"]
[WhiteElo "2330"]
[BlackElo "2025"]
[PlyCount "68"]

1. f4 d5 2. Nf3 g6 3. e3 Bg7 4. c4 Nf6 5. Nc3 O-O 6. cxd5 Nxd5 7. Bc4 e6 8. O-O
c5 9. Ne5 Nd7 10. Nxd7 Qxd7 11. Qf3 Nb4 12. d3 a6 13. a3 Nc6 14. Ne4 b6 15. Bd2
Bb7 16. Bc3 f6 17. f5 gxf5 18. Qxf5 Kh8 19. Bxe6 Qxd3 20. Nxf6 Qxe3+ 21. Rf2
Qh6 22. Raf1 Nd4 23. Qe5 Qg6 24. Bh3 Rf7 25. b4 Raf8 26. bxc5 bxc5 27. Qxc5 Nb5
28. Bb2 Rd8 29. Nh5 Bxb2 30. Rxb2 Rxf1+ 31. Kxf1 Qd3+ 32. Kf2 Re8 33. Nf6 Nd6
34. Bf5 Re3 0-1

[Event "XVIe Open International d'été de Nice"]
[Site "Nice - Hotel Aston"]
[Date "????.??.??"]
[Round "4.35"]
[White "Hamperl, Fred"]
[Black "Gerandi, Guillaume"]
[Result "0-1"]
[WhiteElo "2075"]
[BlackElo "1759"]
[PlyCount "142"]

1. e4 c5 2. Nc3 e6 3. f4 d5 4. d3 dxe4 5. dxe4 Qxd1+ 6. Nxd1 Nf6 7. Nf2 Nc6 8.
Be3 Be7 9. O-O-O Bd7 10. Nf3 O-O-O 11. c4 h6 12. e5 Nh7 13. Ne4 b6 14. Nd6+
Bxd6 15. Rxd6 f6 16. Bd3 f5 17. h4 Rhe8 18. Be2 Kc7 19. Rhd1 Bc8 20. h5 Rxd6
21. Rxd6 Rd8 22. Rxd8 Kxd8 23. Nh4 Nf8 24. a3 Bb7 25. Kd2 Kc7 26. Kc3 a5 27. g3
Kd7 28. Bf3 Kc7 29. Kd3 Ba6 30. b3 Bb7 31. g4 fxg4 32. Bxg4 Kd7 33. Bf3 Ke7 34.
Be4 Kd7 35. Nf3 Ke7 36. Bf2 Nd7 37. Nd2 Nf8 38. Nb1 Kd7 39. Nc3 Ba6 40. Ke2 Kc7
41. Bd3 Ne7 42. Bh4 Nc6 43. Bf2 Ne7 44. Na4 Nd7 45. Nc3 Nf8 46. Kf3 g6 47. Kg4
Kd7 48. Ne4 Bb7 49. Nf6+ Kc7 50. Bg3 gxh5+ 51. Nxh5 Nc6 52. Bf2 Nd7 53. Ng7
Ndxe5+ 54. Kh5 Nxd3 55. Bg3 Kd7 56. Kxh6 Nd4 57. Kg6 Nxb3 58. f5 exf5 59. Nxf5
Nb2 60. Ne3 Ba6 61. Kf5 Nxc4 62. Nc2 Kc6 63. Ke4 Kb5 64. Kd5 Ka4 65. Kc6 Nd4+
66. Nxd4 cxd4 67. Kd5 d3 68. Bf4 d2 69. Bxd2 Nxd2 70. Kc6 Kxa3 71. Kxb6 Kb4 0-1

[Event "XVIe Open International d'été de Nice"]
[Site "Nice - Hotel Aston"]
[Date "????.??.??"]
[Round "5.1"]
[White "Doncea, Vladimir"]
[Black "Shoker, Samy"]
[Result "0-1"]
[WhiteElo "2460"]
[BlackElo "2448"]
[PlyCount "57"]

1. c4 g6 2. g3 Bg7 3. Bg2 Nf6 4. Nc3 O-O 5. Nf3 c5 6. O-O Nc6 7. d4 cxd4 8.
Nxd4 Nxd4 9. Qxd4 d6 10. Qd3 a6 11. Bd2 Rb8 12. Rac1 Bd7 13. b3 Bc6 14. e4 Nd7
15. Be3 b5 16. cxb5 axb5 17. Ne2 Bb7 18. Qd2 Ra8 19. Nd4 Nc5 20. f3 b4 21. Rf2
Qa5 22. Bf1 Rfc8 23. Rc4 Ba6 24. Rxb4 Bxf1 25. Kxf1 e5 26. Ne2 Qxa2 27. Qxd6
Bf8 28. Qd5 Qa6 29. Kg2 0-1

[Event "XVIe Open International d'été de Nice"]
[Site "Nice - Hotel Aston"]
[Date "????.??.??"]
[Round "5.2"]
[White "Sumets, Andrey"]
[Black "Mrdja, Milan"]
[Result "1-0"]
[WhiteElo "2595"]
[BlackElo "2418"]
[PlyCount "26"]

1. d4 Nf6 2. c4 e6 3. Nc3 c5 4. d5 exd5 5. cxd5 Bd6 6. Nf3 Bc7 7. d6 Ba5 8. g3
O-O 9. Bg2 Ne4 10. O-O Bxc3 11. bxc3 Qf6 12. Qd5 Qe6 13. Qd3 Nc6 {suite
illisible} 1-0

[Event "XVIe Open International d'été de Nice"]
[Site "Nice - Hotel Aston"]
[Date "????.??.??"]
[Round "5.3"]
[White "Gladyszev, Oleg"]
[Black "Karpatchev, Aleksandr"]
[Result "1/2-1/2"]
[WhiteElo "2447"]
[BlackElo "2491"]
[PlyCount "75"]

1. d4 Nf6 2. c4 e6 3. Nc3 Bb4 4. e3 O-O 5. Nge2 d5 6. a3 Bd6 7. c5 Be7 8. b4 c6
9. Ng3 a5 10. Bb2 b6 11. Bd3 axb4 12. axb4 Rxa1 13. Qxa1 bxc5 14. bxc5 Nbd7 15.
Qa7 Ng4 16. O-O Bh4 17. Nd1 f5 18. Ne2 e5 19. f3 e4 20. Bc2 exf3 21. Rxf3 Ndf6
22. h3 Nh6 23. g3 Bg5 24. h4 Nfg4 25. hxg5 Qxg5 26. Nf4 Nf7 27. Nf2 Qh6 28.
Nxg4 fxg4 29. Rf1 Ng5 30. Kg2 Rxf4 31. Rxf4 Qh3+ 32. Kf2 Qh2+ 33. Kf1 Qxc2 34.
Qb8 Qd1+ 35. Kg2 Qc2+ 36. Kf1 Qd1+ 37. Kg2 Qc2+ 38. Kf1 1/2-1/2

[Event "XVIe Open International d'été de Nice"]
[Site "Nice - Hotel Aston"]
[Date "????.??.??"]
[Round "5.4"]
[White "Marholev, Dimitar"]
[Black "Sanchez, Joseph"]
[Result "1-0"]
[WhiteElo "2364"]
[BlackElo "2491"]
[PlyCount "37"]

1. d4 Nf6 2. c4 c6 3. Nc3 d5 4. cxd5 cxd5 5. Nf3 Nc6 6. Bf4 a6 7. Rc1 Bf5 8. e3
Qb6 9. Be2 Qxb2 10. O-O e6 11. Na4 Qb4 12. Nh4 Qa5 13. Nxf5 exf5 14. Qb3 Qb4
15. Nb6 Qxb3 16. axb3 Ra7 17. Bb8 Nxb8 18. Rc8+ Ke7 19. Rxb8 {suite illisible}
1-0

[Event "XVIe Open International d'été de Nice"]
[Site "Nice - Hotel Aston"]
[Date "????.??.??"]
[Round "5.8"]
[White "Colin, Vincent"]
[Black "Bressac, Stephane"]
[Result "1-0"]
[WhiteElo "2425"]
[BlackElo "2184"]
[PlyCount "99"]

1. c4 c6 2. e4 e6 3. Nf3 d5 4. exd5 cxd5 5. cxd5 exd5 6. Bb5+ Nc6 7. Qe2+ Be7
8. O-O Nf6 9. Re1 Bg4 10. b3 Bxf3 11. gxf3 Kf8 12. Bxc6 bxc6 13. d4 Qd7 14.
Qxe7+ Qxe7 15. Ba3 Qxa3 16. Nxa3 Re8 17. Nc2 a5 18. Rac1 g6 19. Rxe8+ Kxe8 20.
Ne1 Kd7 21. Nd3 Rc8 22. Rc5 Kd6 23. Rxa5 Nd7 24. Kf1 f6 25. Ra7 g5 26. h3 h5
27. f4 c5 28. Ra6+ Ke7 29. dxc5 Nxc5 30. Nxc5 Rxc5 31. fxg5 fxg5 32. b4 Rc3 33.
Rg6 Rxh3 34. Rxg5 Kd6 35. Rg3 Rh1+ 36. Kg2 Ra1 37. a3 d4 38. Rb3 Kd5 39. b5 Kc4
40. Rb4+ Kc5 41. b6 Rxa3 42. b7 Kxb4 43. b8=Q+ Kc3 44. Qc7+ Kd2 45. Qf4+ Kc3
46. Qc1+ Kb3 47. Qd1+ Kc3 48. Qxh5 d3 49. Qc5+ Kb2 50. Qb4+ 1-0

[Event "XVIe Open International d'été de Nice"]
[Site "Nice - Hotel Aston"]
[Date "????.??.??"]
[Round "5.9"]
[White "Koch, Markus"]
[Black "Aranovitch, Emiliano"]
[Result "0-1"]
[WhiteElo "2138"]
[BlackElo "2356"]
[PlyCount "52"]

1. d4 Nf6 2. c4 c5 3. d5 g6 4. Nc3 Bg7 5. Bg5 h6 6. Bh4 g5 7. Bg3 Nh5 8. e3
Nxg3 9. hxg3 d6 10. Bd3 e6 11. Nf3 exd5 12. cxd5 a6 13. Qc2 b5 14. Bf5 Nd7 15.
Rd1 Nb6 16. g4 Nc4 17. Nd2 Nxb2 18. Qxb2 b4 19. Nde4 bxc3 20. Qc2 O-O 21. O-O
Rb8 22. Nxc3 Bxf5 23. gxf5 Qf6 24. Rc1 Rb4 25. Ne4 Qe5 26. Nc3 Rc4 0-1

[Event "XVIe Open International d'été de Nice"]
[Site "Nice - Hotel Aston"]
[Date "????.??.??"]
[Round "5.10"]
[White "Bailet, Pierre"]
[Black "Iwanesko, Alexandre"]
[Result "1-0"]
[WhiteElo "2352"]
[BlackElo "2101"]
[PlyCount "69"]

1. Nf3 Nf6 2. d4 g6 3. c4 Bg7 4. g3 O-O 5. Bg2 d6 6. O-O Nbd7 7. Nc3 e5 8. e4
a6 9. Re1 exd4 10. Nxd4 Re8 11. h3 Rb8 12. Rb1 c5 13. Nf3 Qc7 14. Bf4 Ne5 15.
Nxe5 dxe5 16. Be3 b5 17. b3 Be6 18. Nd5 Bxd5 19. exd5 Qd6 20. b4 Nd7 21. bxc5
Nxc5 22. cxb5 axb5 23. Qc2 Rec8 24. Rec1 Bf8 25. Qe2 b4 26. Bd2 Na6 27. Rc6
Rxc6 28. dxc6 Nc7 29. Rd1 Qc5 30. Be3 Qa5 31. Rd7 Rc8 32. Qc4 Ne6 33. Bd5 Qa4
34. Bxe6 Qxc6 35. Bxf7+ 1-0

[Event "XVIe Open International d'été de Nice"]
[Site "Nice - Hotel Aston"]
[Date "????.??.??"]
[Round "5.22"]
[White "Pelagatti, Alessandro"]
[Black "Cayla, Jonathan"]
[Result "1-0"]
[WhiteElo "2206"]
[BlackElo "1854"]
[PlyCount "31"]

1. d4 d5 2. Nf3 Nf6 3. c4 dxc4 4. e3 e6 5. Bxc4 c5 6. Qe2 a6 7. dxc5 Bxc5 8.
O-O b5 9. Bd3 O-O 10. e4 Nc6 11. e5 Nd5 12. Bxh7+ Kxh7 13. Ng5+ Kg8 14. Qh5 Re8
15. Qxf7+ Kh8 16. Qh5+ 1-0

[Event "XVIe Open International d'été de Nice"]
[Site "Nice - Hotel Aston"]
[Date "????.??.??"]
[Round "6.2"]
[White "Franco Alonso, Alejandro"]
[Black "Marholev, Dimitar"]
[Result "1-0"]
[WhiteElo "2480"]
[BlackElo "2364"]
[PlyCount "73"]

1. d4 Nf6 2. c4 c5 3. d5 e6 4. Nc3 exd5 5. cxd5 Bd6 6. Nf3 O-O 7. Bg5 Re8 8. e3
Bc7 9. d6 Ba5 10. Bc4 h6 11. Bh4 b5 12. Bxb5 Qb6 13. Bxf6 Qxb5 14. Nd2 Bxc3 15.
Bxc3 Nc6 16. Qe2 Qxe2+ 17. Kxe2 Ba6+ 18. Kf3 Bb7 19. Kg3 Re6 20. f3 Rxd6 21.
Ne4 Rg6+ 22. Kf2 d6 23. Rhd1 Rd8 24. g4 c4 25. Ng3 d5 26. Rd2 Bc8 27. Nh5 f5
28. h3 fxg4 29. hxg4 Rg5 30. Rad1 Be6 31. Nf4 Bf7 32. e4 Ne7 33. Bb4 Nc6 34.
Bc3 Ne7 35. Bb4 Nc6 36. Bc5 Ne5 37. Be7 1-0

[Event "XVIe Open International d'été de Nice"]
[Site "Nice - Hotel Aston"]
[Date "????.??.??"]
[Round "6.3"]
[White "Sulava, Nenad"]
[Black "Bailet, Pierre"]
[Result "1-0"]
[WhiteElo "2549"]
[BlackElo "2352"]
[PlyCount "73"]

1. Nf3 Nf6 2. c4 e6 3. d4 Bb4+ 4. Nc3 b6 5. e3 O-O 6. Bd3 Bb7 7. O-O d5 8. cxd5
exd5 9. Ne2 Bd6 10. b3 a5 11. Bb2 Ne4 12. Rc1 a4 13. bxa4 Bc6 14. Bb5 Bxb5 15.
axb5 Rxa2 16. Qb3 Ra5 17. Ra1 Rxa1 18. Rxa1 Ng5 19. Nxg5 Qxg5 20. Nc3 Rd8 21.
g3 Bf8 22. Ra8 Qf5 23. Nxd5 Rxd5 24. Rxb8 Qb1+ 25. Kg2 Rd6 26. Re8 h5 27. d5 f6
28. h4 Kf7 29. Re6 Qf5 30. e4 Qg6 31. f3 Kg8 32. Ba3 Rxe6 33. dxe6 Bxa3 34.
Qxa3 Qe8 35. Qb3 Kf8 36. Qd5 Ke7 37. f4 1-0

[Event "XVIe Open International d'été de Nice"]
[Site "Nice - Hotel Aston"]
[Date "????.??.??"]
[Round "6.6"]
[White "Vatter, Hans-Joachim"]
[Black "Gladyszev, Oleg"]
[Result "1/2-1/2"]
[WhiteElo "2302"]
[BlackElo "2447"]
[PlyCount "28"]

1. e4 c5 2. Nf3 Nc6 3. d4 cxd4 4. Nxd4 Nf6 5. Nc3 e5 6. Ndb5 d6 7. Bg5 a6 8.
Na3 b5 9. Bxf6 gxf6 10. Nd5 Bg7 11. Bd3 Ne7 12. Nxe7 Qxe7 13. O-O O-O 14. c4 f5
1/2-1/2

[Event "XVIe Open International d'été de Nice"]
[Site "Nice - Hotel Aston"]
[Date "????.??.??"]
[Round "6.7"]
[White "Salvador, Roland"]
[Black "Ribreau, Herve"]
[Result "0-1"]
[WhiteElo "2447"]
[BlackElo "2248"]
[PlyCount "92"]

1. d4 Nf6 2. Nf3 g6 3. g3 Bg7 4. Bg2 O-O 5. O-O d5 6. Nc3 c6 7. Bf4 Ne4 8. Nxe4
dxe4 9. Ne5 f6 10. Nc4 b5 11. Nd2 f5 12. Nb3 Be6 13. c3 Nd7 14. a4 a6 15. f3
exf3 16. Bxf3 Bd5 17. Bxd5+ cxd5 18. axb5 axb5 19. Rxa8 Qxa8 20. Qd3 Qa4 21.
Nc5 Nxc5 22. dxc5 Qc4 23. Be3 e6 24. Ra1 Rc8 25. Ra5 Rb8 26. Ra6 Kf7 27. Rb6
Be5 28. Qd2 Rxb6 29. cxb6 Ke7 30. Bf2 f4 31. b3 Qxb3 32. gxf4 Qb1+ 33. Kg2 Qe4+
34. Kg3 Bd6 35. Qe3 Qxe3+ 36. Bxe3 Kd7 37. Kg4 Kc6 38. Bd4 Be7 39. Kf3 Bd8 40.
e4 Bxb6 41. exd5+ exd5 42. Bf6 h5 43. h3 Kd6 44. Be5+ Ke6 45. Bb8 Kf5 46. h4
Bd8 0-1

[Event "XVIe Open International d'été de Nice"]
[Site "Nice - Hotel Aston"]
[Date "????.??.??"]
[Round "6.9"]
[White "Sanchez, Joseph"]
[Black "Patuzzo, Fabrizio"]
[Result "1-0"]
[WhiteElo "2491"]
[BlackElo "2291"]
[PlyCount "46"]

1. e4 c6 2. d4 d5 3. e5 Bf5 4. Nf3 e6 5. Be2 Ne7 6. O-O h6 7. Nbd2 Nd7 8. Nb3
Bh7 9. Bd2 Nf5 10. c4 dxc4 11. Na5 Qc8 12. Nxc4 Nb6 13. Na5 Be7 14. g4 Nh4 15.
Nxh4 Bxh4 16. Bb4 Nd5 17. Nc4 Be7 18. Bxe7 Kxe7 19. Qb3 g5 20. Qa3+ Kd8 21. Bf3
Nb6 22. Nd6 Qd7 23. Rac1 Nd5 1-0

[Event "XVIe Open International d'été de Nice"]
[Site "Nice - Hotel Aston"]
[Date "????.??.??"]
[Round "6.10"]
[White "Gerola, Fausto"]
[Black "Lazarev, Vladimir"]
[Result "0-1"]
[WhiteElo "2192"]
[BlackElo "2462"]
[PlyCount "86"]

1. e4 c5 2. Nf3 Nc6 3. d4 cxd4 4. Nxd4 Qc7 5. Nc3 e6 6. Be3 a6 7. Qd2 Nf6 8. f3
b5 9. O-O-O Ne5 10. Nb3 d6 11. Qf2 Be7 12. g4 Nfd7 13. h4 b4 14. Na4 Rb8 15.
Nd4 Qa5 16. b3 Nc5 17. Rg1 Nxa4 18. bxa4 Qxa4 19. Kb1 Bb7 20. Nb3 Rc8 21. Bd4
O-O 22. Bb2 Nc4 23. Bxc4 Rxc4 24. g5 Rfc8 25. Rd2 e5 26. h5 Qb5 27. g6 fxg6 28.
hxg6 h6 29. Qg2 Rf8 30. Rh1 a5 31. Rh5 Qb6 32. Re2 Rf6 33. Qg3 Bf8 34. Nd2 Rc3
35. Kc1 Rc8 36. Nf1 d5 37. Bxe5 Rxg6 38. Qh3 dxe4 39. fxe4 Qe6 40. Qh2 Qxa2 41.
Ng3 b3 42. Bb2 Rgc6 43. c3 Rxc3+ 0-1

[Event "XVIe Open International d'été de Nice"]
[Site "Nice - Hotel Aston"]
[Date "????.??.??"]
[Round "6.28"]
[White "Orsoni, Jean-Philippe"]
[Black "Schott, Raimund"]
[Result "1-0"]
[WhiteElo "1880"]
[BlackElo "2019"]
[PlyCount "65"]

1. e4 c5 2. Nf3 Nc6 3. d4 cxd4 4. Nxd4 Nf6 5. Nc3 d6 6. Bc4 e6 7. Be3 Be7 8.
Qe2 O-O 9. O-O-O a6 10. f3 Qe8 11. Qf2 Nd7 12. g4 Nde5 13. Bb3 Na5 14. Rhg1 b5
15. Kb1 Nec4 16. Bc1 Bd7 17. f4 Rc8 18. f5 Nxb3 19. axb3 Na3+ 20. bxa3 Rxc3 21.
g5 Qa8 22. f6 Bd8 23. Qh4 e5 24. Nf5 Bxf5 25. exf5 Bb6 26. fxg7 Re8 27. g6 fxg6
28. fxg6 hxg6 29. Rgf1 Rf3 30. Rxf3 Qxf3 31. Qh8+ Kf7 32. Qxe8+ Kxg7 33. Rxd6
1-0